Scooby Doo Quiz - Statistics

General Stats
  • This quiz has been taken 2,927 times
  • The average score is 10 of 12
Answer Stats
Hint Answer % Correct
The Gang Scooby-Doo
99%
The Gang Norville "Shaggy" Rogers
98%
Th Gang Velma Dinkley
98%
The Gang Fred Jones
97%
The Gang Daphne Blake
93%
"Let's split up and look for _____." clues
87%
The Van Mystery Machine
87%
Scooby's Nephew Scrappy-Doo
86%
"And I would have gotten away with it too, if it weren't for you ________ kids!" meddling
80%
Scooby's Real Name Scoobert
53%
Hometown Coolsville / Crystal Cove
46%
Scooby's Cousin Scooby-Dum
30%
No matching quizzes found
Score Distribution
Percent of People with Each Score
Percentile by Number Answered
Your Score History
You have not taken this quiz